| 000 -CABECERA |
| Longitud fija campo de control |
00534nam a2200193 a 4500 |
| 001 - NÚMERO DE CONTROL |
| Número de control |
1165 |
| 003 - IDENTIFICADOR DEL NÚMERO DE CONTROL |
| Identificador del número de control |
CDMR |
| 005 - FECHA Y HORA DE LA ÚLTIMA TRANSACCIÓN |
| Fecha y hora de la última transacción |
20131011155559.0 |
| 008 - CÓDIGOS DE INFORMACIÓN DE LONGITUD FIJA |
| Códigos de información de longitud fija |
130130s2002||||||||||||||||||||||||||||d |
| 020 ## - NÚMERO INTERNACIONAL NORMALIZADO PARA LIBROS |
| Número Internacional Normalizado para Libros (ISBN) |
8483107872 |
| 040 ## - FUENTE DE LA CATALOGACIÓN |
| Centro catalogador de origen |
CDMR |
| Lengua de catalogación |
cat |
| Centro transcriptor |
CDMR |
| 100 1# - PUNTO DE ACCESO PRINCIPAL-NOMBRE DE PERSONA |
| Nombre de persona |
Verdaguer, Jacint |
| 9 (RLIN) |
912 |
| 245 10 - MENCIÓN DE TÍTULO |
| Título |
En defensa pròpia |
| Mención de responsabilidad, etc. |
Jacint Verdaguer ; edició i presentació de Narcís Garolera |
| 260 ## - PUBLICACIÓN, DISTRIBUCIÓN, ETC. (PIE DE IMPRENTA) |
| Lugar de publicación, distribución, etc. |
Barcelona |
| Fecha de publicación, distribución, etc. |
2002 |
| Nombre del editor, distribuidor, etc. |
Tusquets |
| 300 ## - DESCRIPCIÓN FÍSICA |
| Extensión |
186 p. |
| 490 0# - MENCIÓN DE SERIE |
| Mención de serie |
L'Ull de Vidre |
| Designación de volumen o secuencia |
2 |
| 700 1# - PUNTO DE ACCESO ADICIONAL - NOMBRE DE PERSONA |
| 9 (RLIN) |
3589 |
| Nombre de persona |
Garolera, Narcís |
| Término indicativo de función |
ed. |
| 942 ## - ENTRADA DE ELEMENTOS AGREGADOS (KOHA) |
| Koha [por defecto] tipo de item |
Monografies |
| Fuente de clasificaión o esquema |
|